000 01110cam a22002531i 4500
003 SA-RiAUC
005 20260510122126.0
008 260422s1983 ua g 00000 ara c
040 _aSA-JeALM
_bara
_cSA-RiAUC
_erda
082 0 4 _a260
090 _a260
_bا ب ن ع
100 1 _aابن عبدالله، محمد بن ياسين
_eمؤلف.
245 1 0 _aالفيض الرباني مختصر كتاب مرام الإسلام للشيخ نور الدين البريفكاني /
_cاختصار وتأليف محمد بن ياسين بن عبدالله
264 1 _aمكة المكرمة :
_bالمكتبة التجارية،
_c1983
300 _a169 صفحة ؛
_c24 سم
336 _aنص
_btxt
_2rdacontent
_3كتاب
337 _aبدون وسيط
_bn
_2rdamedia
650 7 _aالتصوف الإسلامي
_2aucsh
700 1 2 _aالبريفكاني، نور الدين بن عبد الجبار بن نوري،
_d1205-1268 هجري
_tمرام الإسلام
740 2 2 _aمرام الإسلام
942 _2ddc
_cBOOK
_n0
949 _aSA-JeALM
_d260422
_uosman123
_n1
999 _c14878
_d14878